[Event "Madrid-ch 2017-2018 - Previa A"]
[Site "Madrid ESP"]
[Date "2018.02.20"]
[Round "8.7"]
[White "Rosa Ramirez, Victor Diego"]
[Black "Santamaria Baeza, Adolfo"]
[Result "0-1"]
[WhiteElo "1907"]
[BlackElo "1846"]
[PlyCount "123"]
[EventDate "2018.02.05"]
[EventType "swiss"]
[EventRounds "9"]
[EventCountry "ESP"]
[SourceTitle "Ajedrez en Madrid"]
[Source "lmi"]
[SourceDate "2018.02.05"]

1. e4 e5 2. Nf3 Nc6 3. Bc4 Bc5 4. O-O Nge7 5. c3 Ng6 6. d4 Be7 7. Bb5 Bf6 8. d5
Nb8 9. d6 O-O 10. c4 cxd6 11. Nc3 a6 12. Ba4 Nc6 13. Be3 Rb8 14. Qxd6 Be7 15.
Qd1 d6 16. Nd5 b5 17. cxb5 axb5 18. Bb3 Bg4 19. h3 Be6 20. Qd2 Na5 21. Rfd1
Nxb3 22. Nxe7+ Qxe7 23. axb3 Bxb3 24. Rdc1 Ra8 25. Qb4 Rxa1 26. Rxa1 Bc4 27.
Nd2 Qe6 28. b3 Be2 29. Re1 Bh5 30. Qxb5 Nh4 31. Qf1 d5 32. Bg5 Ng6 33. g4 Bxg4
34. hxg4 Qxg4+ 35. Qg2 Qxg2+ 36. Kxg2 f6 37. exd5 fxg5 38. d6 Kf7 39. Ne4 Ke6
40. Rd1 Rd8 41. Re1 h5 42. Kf3 Rb8 43. Re3 Rb5 44. Rd3 Nf8 45. Nd2 Rd5 46. Rxd5
Kxd5 47. Nc4 Nd7 48. Kg3 Kd4 49. Kf3 g4+ 50. Ke2 h4 51. Ne3 g3 52. fxg3 h3 53.
Ng4 Kd5 54. Ne3+ Kxd6 55. Kf3 e4+ 56. Kf2 Kc5 57. g4 g6 58. Kg3 Kd4 59. Nf1 e3
60. Kxh3 e2 61. Nd2 Ne5 62. Kg2 0-1

[Event "Madrid-ch 2017-2018 - Previa A"]
[Site "Madrid ESP"]
[Date "2018.02.20"]
[Round "8.8"]
[White "Lizon Martinez, Santiago"]
[Black "Rueda Maria, Ramiro"]
[Result "1/2-1/2"]
[WhiteElo "1710"]
[BlackElo "1820"]
[PlyCount "34"]
[EventDate "2018.02.05"]
[EventType "swiss"]
[EventRounds "9"]
[EventCountry "ESP"]
[SourceTitle "Ajedrez en Madrid"]
[Source "lmi"]
[SourceDate "2018.02.05"]

1. e4 e5 2. Nf3 Nf6 3. Nxe5 d6 4. Nf3 Nxe4 5. Nc3 Nxc3 6. dxc3 Be7 7. Be3 Nc6
8. Qd2 Bg4 9. Be2 Qd7 10. h3 Bh5 11. O-O-O Bxf3 12. Bxf3 Ne5 13. Be2 Qa4 14.
Kb1 O-O-O 15. f4 Nc4 16. Bxc4 Qxc4 17. Qd4 Qxd4 1/2-1/2

[Event "Madrid-ch 2017-2018 - Previa A"]
[Site "Madrid ESP"]
[Date "2018.02.20"]
[Round "8.9"]
[White "Narvaez Parra, Vicente"]
[Black "Carrasco Coquillat, Jorge"]
[Result "0-1"]
[WhiteElo "1809"]
[BlackElo "1726"]
[PlyCount "88"]
[EventDate "2018.02.05"]
[EventType "swiss"]
[EventRounds "9"]
[EventCountry "ESP"]
[SourceTitle "Ajedrez en Madrid"]
[Source "lmi"]
[SourceDate "2018.02.05"]

1. d4 d5 2. c4 e6 3. Nc3 Nf6 4. cxd5 exd5 5. Bg5 Be7 6. e3 O-O 7. Qc2 c6 8. Bd3
Nbd7 9. Nf3 Re8 10. O-O Nf8 11. Rab1 Ng6 12. b4 Bd7 13. a4 Rc8 14. Ne5 Qc7 15.
Rfc1 Nxe5 16. dxe5 Qxe5 17. Bxf6 Qxf6 18. Bxh7+ Kh8 19. Bd3 Qh4 20. g3 Qf6 21.
Qe2 Qh6 22. Qf3 Rf8 23. b5 Qf6 24. Qh5+ Qh6 25. Qd1 Rfd8 26. Qf3 Kg8 27. Ne2
Qf6 28. Qh5 g6 29. Qh6 Bf8 30. Qf4 Qxf4 31. Nxf4 Bg7 32. h4 d4 33. exd4 Bxd4
34. Bc4 Bf5 35. Rb3 c5 36. Kg2 b6 37. f3 Be5 38. Nd5 Kf8 39. Re1 Bd4 40. Ne7
Re8 41. Nxc8 Rxe1 42. Nxa7 Ra1 43. Bd3 c4 44. Bxc4 Rxa4 0-1

[Event "Madrid-ch 2017-2018 - Previa A"]
[Site "Madrid ESP"]
[Date "2018.02.20"]
[Round "8.10"]
[White "De Luna Butz, Alberto"]
[Black "Ramos Garcia, Raul"]
[Result "1/2-1/2"]
[WhiteElo "1799"]
[BlackElo "1700"]
[PlyCount "34"]
[EventDate "2018.02.05"]
[EventType "swiss"]
[EventRounds "9"]
[EventCountry "ESP"]
[SourceTitle "Ajedrez en Madrid"]
[Source "lmi"]
[SourceDate "2018.02.05"]

1. Nf3 d5 2. c4 e6 3. g3 Nf6 4. Bg2 c6 5. b3 g6 6. Bb2 Bg7 7. O-O O-O 8. Qc2
Nbd7 9. Nc3 Re8 10. d4 Nb6 11. c5 Nbd7 12. b4 b6 13. b5 Bb7 14. e4 bxc5 15.
bxc6 Bxc6 16. exd5 exd5 17. dxc5 Qc7 1/2-1/2

[Event "Madrid-ch 2017-2018 - Previa A"]
[Site "Madrid ESP"]
[Date "2018.02.20"]
[Round "8.12"]
[White "Martin-Consuegra Barrilero, Francisco Javier"]
[Black "Mora Agudo, Jose"]
[Result "1-0"]
[WhiteElo "1785"]
[BlackElo "1480"]
[PlyCount "84"]
[EventDate "2018.02.05"]
[EventType "swiss"]
[EventRounds "9"]
[EventCountry "ESP"]
[SourceTitle "Ajedrez en Madrid"]
[Source "lmi"]
[SourceDate "2018.02.05"]

1. d4 Nf6 2. Nf3 g6 3. Bf4 Bg7 4. h3 O-O 5. e3 d6 6. Be2 c5 7. c3 Be6 8. Nbd2
cxd4 9. exd4 Qb6 10. Qc1 Nc6 11. Nc4 Bxc4 12. Bxc4 Rac8 13. Be3 d5 14. Be2 Ne4
15. Qb1 Qc7 16. O-O e5 17. dxe5 Nxe5 18. Nxe5 Bxe5 19. Qd3 Qc6 20. Rad1 Rfd8
21. Bd4 Bxd4 22. Qxd4 Qc5 23. Qxc5 Rxc5 24. Rd4 Rc6 25. Rfd1 Rcd6 26. Bf3 f5
27. Bxe4 fxe4 28. c4 Rc8 29. cxd5 Rc2 30. R1d2 Rxd2 31. Rxd2 Kf7 32. Rd4 Kf6
33. Rxe4 Rxd5 34. Rb4 Rd1+ 35. Kh2 b6 36. a4 Ke5 37. Kg3 Rd4 38. Rxd4 Kxd4 39.
Kf4 h6 40. g4 Kc4 41. Ke5 Kb4 42. f4 Kxa4 1-0

[Event "Madrid-ch 2017-2018 - Previa A"]
[Site "Madrid ESP"]
[Date "2018.02.20"]
[Round "8.13"]
[White "Rodriguez Bachiller, Luis"]
[Black "Hernandez Garcia, Carlos"]
[Result "1/2-1/2"]
[WhiteElo "1622"]
[BlackElo "1769"]
[PlyCount "79"]
[EventDate "2018.02.05"]
[EventType "swiss"]
[EventRounds "9"]
[EventCountry "ESP"]
[SourceTitle "Ajedrez en Madrid"]
[Source "lmi"]
[SourceDate "2018.02.05"]

1. e4 c5 2. c3 Nc6 3. Nf3 d6 4. d4 cxd4 5. Nxd4 Nf6 6. Bb5 Bd7 7. Qe2 e6 8. Bg5
Be7 9. Nd2 O-O 10. Rd1 Nxd4 11. cxd4 Qa5 12. Bxd7 Qxg5 13. Bb5 Qxg2 14. Qf1
Qxf1+ 15. Bxf1 Rfc8 16. Bd3 Nh5 17. f3 Nf4 18. Bb1 d5 19. Kf2 Bh4+ 20. Kf1 dxe4
21. Nxe4 Nd5 22. Ke2 f5 23. Ng3 g5 24. Rhf1 Rc4 25. Kd3 Rac8 26. a3 Nf4+ 27.
Ke3 Ng2+ 28. Kf2 Rc2+ 29. Bxc2 Rxc2+ 30. Kg1 Ne3 31. Rc1 Rxb2 32. Rfe1 f4 33.
Re2 Rb3 34. Nf1 Kf7 35. Nxe3 fxe3 36. Kf1 Kf6 37. Rec2 Bf2 38. Rc3 Rb2 39. R3c2
Rb3 40. Rc3 1/2-1/2

[Event "Madrid-ch 2017-2018 - Previa A"]
[Site "Madrid ESP"]
[Date "2018.02.20"]
[Round "8.14"]
[White "Gortazar Rubial, Javier Maria"]
[Black "Yeves Miquel, Enrique"]
[Result "1-0"]
[WhiteElo "1543"]
[BlackElo "1762"]
[PlyCount "101"]
[EventDate "2018.02.05"]
[EventType "swiss"]
[EventRounds "9"]
[EventCountry "ESP"]
[SourceTitle "Ajedrez en Madrid"]
[Source "lmi"]
[SourceDate "2018.02.05"]

1. e4 c5 2. Nc3 a6 3. g3 b5 4. Bg2 Bb7 5. d3 e6 6. f4 d5 7. exd5 Nf6 8. Qe2
Nxd5 9. Ne4 Nc6 10. Nf3 Be7 11. O-O O-O 12. Bd2 Ndb4 13. Be3 Nd4 14. Nxd4 cxd4
15. Bf2 Rc8 16. Rfc1 Qd7 17. Be1 Nd5 18. Bf2 Rc7 19. c3 dxc3 20. bxc3 Ba3 21.
Rc2 Rfc8 22. c4 h6 23. c5 f5 24. c6 Rxc6 25. Rxc6 Rxc6 26. Nd2 Rc2 27. Qd1 Nb4
28. Bxb7 Qxb7 29. Nf3 Qd5 30. Ne5 Rxa2 31. Rxa2 Nxa2 32. Qh5 Qb7 33. Qe8+ Kh7
34. Qg6+ Kg8 35. Qxe6+ Kh8 36. Qxa2 b4 37. Qb3 a5 38. Bd4 Bc1 39. Nc4 Qf3 40.
Ne5 Be3+ 41. Bxe3 Qxe3+ 42. Kf1 Qc1+ 43. Ke2 Qg1 44. Nf3 Qg2+ 45. Ke3 Qf1 46.
Qa2 Qc1+ 47. Qd2 Qc5+ 48. d4 Qe7+ 49. Ne5 a4 50. Kd3 b3 51. Ng6+ 1-0

[Event "Madrid-ch 2017-2018 - Previa A"]
[Site "Madrid ESP"]
[Date "2018.02.20"]
[Round "8.15"]
[White "Marcelo de la Mata, Daniel"]
[Black "Caamaño Jimenez, Luis"]
[Result "1/2-1/2"]
[WhiteElo "1609"]
[BlackElo "1746"]
[PlyCount "40"]
[EventDate "2018.02.05"]
[EventType "swiss"]
[EventRounds "9"]
[EventCountry "ESP"]
[SourceTitle "Ajedrez en Madrid"]
[Source "lmi"]
[SourceDate "2018.02.05"]

1. c4 c5 2. Nf3 Nf6 3. d3 Nc6 4. g3 g6 5. Bg2 Bg7 6. e4 d6 7. h3 O-O 8. Nc3 a6
9. O-O Rb8 10. Rb1 Bd7 11. Bd2 Qc8 12. Kh2 e5 13. a3 Re8 14. Na2 b5 15. b4 cxb4
16. cxb5 axb5 17. Nxb4 Bf8 18. Ng1 Ra8 19. Nxc6 Bxc6 20. Bb4 Qb7 1/2-1/2

[Event "Madrid-ch 2017-2018 - Previa A"]
[Site "Madrid ESP"]
[Date "2018.02.20"]
[Round "8.16"]
[White "Bermejo Redondo, Oscar"]
[Black "Marivela Santos, Juan Carlos"]
[Result "1-0"]
[WhiteElo "1828"]
[BlackElo "1686"]
[PlyCount "119"]
[EventDate "2018.02.05"]
[EventType "swiss"]
[EventRounds "9"]
[EventCountry "ESP"]
[SourceTitle "Ajedrez en Madrid"]
[Source "lmi"]
[SourceDate "2018.02.05"]

1. b3 e5 2. Bb2 Nc6 3. e3 d6 4. Bb5 Bd7 5. Nf3 e4 6. Nd4 Nxd4 7. Bxd7+ Qxd7 8.
Bxd4 c5 9. Bb2 O-O-O 10. d4 exd3 11. Qxd3 Qg4 12. Nc3 Nh6 13. Qd5 Qf5 14. Qxf5+
Nxf5 15. Nd5 Rg8 16. c4 Ne7 17. Rd1 Nxd5 18. Rxd5 Be7 19. O-O g6 20. Rfd1 f5
21. f3 Kc7 22. g3 Rgf8 23. Kf2 Bf6 24. Bxf6 Rxf6 25. h4 Re8 26. R5d3 Re5 27.
Rd5 b6 28. R1d2 Rfe6 29. R5d3 h6 30. Rd1 a6 31. a4 Kc6 32. f4 Re4 33. h5 b5 34.
axb5+ axb5 35. cxb5+ Kxb5 36. hxg6 Rxg6 37. Rxd6 Rge6 38. Rxe6 Rxe6 39. Rd5 Rf6
40. Kf3 Kb4 41. Rd3 h5 42. e4 fxe4+ 43. Kxe4 Rh6 44. f5 h4 45. gxh4 Rxh4+ 46.
Ke5 Rh5 47. Ke6 Rh1 48. f6 Re1+ 49. Kd7 Rf1 50. Ke7 Re1+ 51. Kf8 c4 52. bxc4
Kxc4 53. Rd8 Kc5 54. f7 Kc6 55. Rd4 Kc7 56. Kg7 Rg1+ 57. Kf6 Rf1+ 58. Ke6 Re1+
59. Kf5 Rf1+ 60. Rf4 1-0

[Event "Madrid-ch 2017-2018 - Previa A"]
[Site "Madrid ESP"]
[Date "2018.02.20"]
[Round "8.17"]
[White "Tapia Sanchez, Jose Manuel"]
[Black "Osorio Ramos, Francisco"]
[Result "0-1"]
[WhiteElo "1687"]
[BlackElo "1821"]
[PlyCount "120"]
[EventDate "2018.02.05"]
[EventType "swiss"]
[EventRounds "9"]
[EventCountry "ESP"]
[SourceTitle "Ajedrez en Madrid"]
[Source "lmi"]
[SourceDate "2018.02.05"]

1. e4 c5 2. Nc3 a6 3. a4 d6 4. Bc4 e6 5. f4 Nf6 6. Qe2 Be7 7. d3 O-O 8. Nf3 Nc6
9. O-O Qc7 10. Bb3 Rd8 11. Qe1 b6 12. Bd2 Rb8 13. Rb1 Bd7 14. e5 Ne8 15. f5
dxe5 16. fxe6 Bxe6 17. Bxe6 fxe6 18. Ng5 Bxg5 19. Bxg5 Rd7 20. Qg3 Rf7 21. Ne4
Kh8 22. Rxf7 Qxf7 23. Rf1 Qg8 24. Qh4 Rb7 25. Qh5 Rd7 26. Bd2 Nd4 27. Qxe5 Ne2+
28. Kh1 Rf7 29. Nf2 Nd4 30. Be3 Rf5 31. Qb8 Nxc2 32. Bd2 Nf6 33. Qxb6 Ng4 34.
Kg1 Qf8 35. Qxe6 Rxf2 36. Re1 Nxe1 37. Qxe1 Rf7 38. h3 Nf6 39. Bc3 Qe7 40. Qg3
Nd5 41. Bd2 Qf8 42. Qg5 Nf4 43. Kh2 Nxd3 44. Bc3 Qb8+ 45. Kg1 c4 46. Qd5 Qf8
47. Qxc4 Rf1+ 48. Kh2 Qf4+ 49. Qxf4 Rxf4 50. a5 Kg8 51. Kg3 Rc4 52. Kf3 Nc5 53.
Ke3 Na4 54. Kd3 Rf4 55. Bd4 Rf5 56. b3 Nc5+ 57. Kc4 Ne6 58. Be3 Rxa5 59. b4 Re5
60. Bb6 Rb5 0-1

[Event "Madrid-ch 2017-2018 - Previa A"]
[Site "Madrid ESP"]
[Date "2018.02.20"]
[Round "8.18"]
[White "Garcia Gonzalez, Pedro A"]
[Black "Ballesteros Cudero, Juan Carlos"]
[Result "1/2-1/2"]
[WhiteElo "1821"]
[BlackElo "1660"]
[PlyCount "49"]
[EventDate "2018.02.05"]
[EventType "swiss"]
[EventRounds "9"]
[EventCountry "ESP"]
[SourceTitle "Ajedrez en Madrid"]
[Source "lmi"]
[SourceDate "2018.02.05"]

1. d4 Nf6 2. Nf3 g6 3. Nbd2 Bg7 4. e4 d6 5. Bd3 Nbd7 6. O-O O-O 7. c3 e5 8. Re1
b6 9. Nf1 c5 10. dxe5 Nxe5 11. Nxe5 dxe5 12. Qe2 Qc7 13. Bc4 Bb7 14. f3 Rad8
15. Bg5 Rd6 16. Rad1 Rfd8 17. Rxd6 Rxd6 18. Rd1 Qd8 19. Rxd6 Qxd6 20. a4 h6 21.
Qd2 Qxd2 22. Bxd2 Ne8 23. Ne3 Nd6 24. Bb3 Kf8 25. Kf2 1/2-1/2

[Event "Madrid-ch 2017-2018 - Previa A"]
[Site "Madrid ESP"]
[Date "2018.02.20"]
[Round "8.20"]
[White "Martinez Carrasco, Jesus"]
[Black "Corredor Gonzalez, Angel L"]
[Result "0-1"]
[WhiteElo "1620"]
[BlackElo "1745"]
[PlyCount "102"]
[EventDate "2018.02.05"]
[EventType "swiss"]
[EventRounds "9"]
[EventCountry "ESP"]
[SourceTitle "Ajedrez en Madrid"]
[Source "lmi"]
[SourceDate "2018.02.05"]

1. d4 Nf6 2. c4 e5 3. dxe5 Ng4 4. Nf3 Bc5 5. e3 Nc6 6. Be2 Ncxe5 7. O-O O-O 8.
b3 Re8 9. h3 Nxf3+ 10. Bxf3 Ne5 11. Be2 a5 12. a4 Ra6 13. Nd2 Rg6 14. Nf3 d6
15. Kh1 Nxf3 16. Bxf3 Qh4 17. Kh2 c6 18. Ba3 Rh6 19. Rh1 Qxf2 20. Bg4 Bxe3 21.
Rf1 Bf4+ 22. Kh1 Qg3 23. Rxf4 Qxf4 24. Bc1 Bxg4 25. Bxf4 Bxd1 26. Rxd1 Rhe6 27.
Kh2 Rd8 28. Kg3 f6 29. Kf3 Kf7 30. Be3 c5 31. g4 g5 32. Bxc5 Ke7 33. Bb6 Ra8
34. Bd4 Kd7 35. Bc3 Kc6 36. Rd5 b6 37. Rf5 Rae8 38. Bd4 Re4 39. Bf2 R8e6 40.
Rb5 Rf4+ 41. Kg3 Rxf2 42. Kxf2 Re5 43. Rxe5 dxe5 44. Ke3 Kc5 45. Kd3 Kb4 46.
Kc2 e4 47. Kb2 e3 48. Kc2 e2 49. Kd2 Kxb3 50. Kxe2 Kxa4 51. Kd2 Kb3 0-1

[Event "Madrid-ch 2017-2018 - Previa A"]
[Site "Madrid ESP"]
[Date "2018.02.20"]
[Round "8.21"]
[White "De La Fuente Ebro, Miguel Angel"]
[Black "Martinez Miura, Enrique"]
[Result "1/2-1/2"]
[WhiteElo "1712"]
[BlackElo "1618"]
[PlyCount "51"]
[EventDate "2018.02.05"]
[EventType "swiss"]
[EventRounds "9"]
[EventCountry "ESP"]
[SourceTitle "Ajedrez en Madrid"]
[Source "lmi"]
[SourceDate "2018.02.05"]

1. d4 e6 2. c4 d5 3. Nc3 Nf6 4. e3 Be7 5. Nf3 O-O 6. Bd3 c6 7. O-O Nbd7 8. Qc2
h6 9. b3 b6 10. e4 dxe4 11. Nxe4 Bb7 12. Bf4 Nxe4 13. Bxe4 Nf6 14. Bd3 c5 15.
dxc5 Bxf3 16. gxf3 Bxc5 17. Rad1 Qe7 18. Kh1 Kh8 19. Qd2 Ng8 20. Rg1 Qf6 21.
Kg2 Rad8 22. Be3 Bxe3 23. fxe3 Rd6 24. Qe2 Rfd8 25. Kh1 Qc3 26. Qc2 1/2-1/2

[Event "Madrid-ch 2017-2018 - Previa A"]
[Site "Madrid ESP"]
[Date "2018.02.20"]
[Round "8.22"]
[White "Lopez Orellana, Federico"]
[Black "Martinez Gallardo, Javier"]
[Result "1/2-1/2"]
[WhiteElo "1702"]
[BlackElo "1617"]
[PlyCount "64"]
[EventDate "2018.02.05"]
[EventType "swiss"]
[EventRounds "9"]
[EventCountry "ESP"]
[SourceTitle "Ajedrez en Madrid"]
[Source "lmi"]
[SourceDate "2018.02.05"]

1. d4 Nf6 2. Bg5 e6 3. e3 b6 4. Bd3 Bb7 5. Nf3 d6 6. Nbd2 Be7 7. O-O O-O 8. c3
Nbd7 9. Qe2 c5 10. e4 a6 11. a4 Re8 12. Rfd1 h6 13. Bh4 d5 14. e5 Nh7 15. Bxe7
Qxe7 16. Nf1 Ng5 17. N3d2 c4 18. Bc2 f5 19. f4 Nh7 20. Qf3 g5 21. h3 Ndf8 22.
Ne3 Ng6 23. g3 Kh8 24. Ng2 gxf4 25. Nxf4 Nxf4 26. Qxf4 Ng5 27. Kh2 Qg7 28. Rg1
Rf8 29. Raf1 Bc6 30. Qh4 Ne4 31. Nxe4 fxe4 32. Rf6 Rxf6 1/2-1/2

[Event "Madrid-ch 2017-2018 - Previa A"]
[Site "Madrid ESP"]
[Date "2018.02.20"]
[Round "8.23"]
[White "Enriquez Pastor, Jorge"]
[Black "Martinez Pintor, Juan"]
[Result "1/2-1/2"]
[WhiteElo "1468"]
[BlackElo "1670"]
[PlyCount "64"]
[EventDate "2018.02.05"]
[EventType "swiss"]
[EventRounds "9"]
[EventCountry "ESP"]
[SourceTitle "Ajedrez en Madrid"]
[Source "lmi"]
[SourceDate "2018.02.05"]

1. e4 e6 2. d4 d5 3. e5 c5 4. c3 Nc6 5. Nf3 Qb6 6. Be2 cxd4 7. cxd4 Nge7 8. Nc3
Nf5 9. Bb5 Bd7 10. Bxc6 bxc6 11. a3 c5 12. dxc5 Bxc5 13. O-O Rc8 14. b4 Bxb4
15. Na4 Qb5 16. axb4 Qxb4 17. Bd2 Qe7 18. Nc3 Qc5 19. Rc1 Qb6 20. Ne2 O-O 21.
Rxc8 Rxc8 22. Ng3 Nxg3 23. hxg3 h6 24. Be3 Qc7 25. Qa1 a5 26. Rc1 Qd8 27. Rxc8
Qxc8 28. Qxa5 Bc6 29. Nd4 Bb7 30. Nb5 Qc2 31. Nd6 Qd1+ 32. Kh2 Qh5+ 1/2-1/2

[Event "Madrid-ch 2017-2018 - Previa A"]
[Site "Madrid ESP"]
[Date "2018.02.20"]
[Round "8.24"]
[White "Dominguez Afonso, Ayraldo"]
[Black "Bellagamba, Pascal"]
[Result "0-1"]
[WhiteElo "1561"]
[BlackElo "1605"]
[PlyCount "104"]
[EventDate "2018.02.05"]
[EventType "swiss"]
[EventRounds "9"]
[EventCountry "ESP"]
[SourceTitle "Ajedrez en Madrid"]
[Source "lmi"]
[SourceDate "2018.02.05"]

1. e4 d6 2. d4 Nf6 3. Nc3 c6 4. a4 Nbd7 5. Nf3 e5 6. Bc4 Be7 7. O-O O-O 8. h3
a6 9. Re1 Qc7 10. Be3 Rd8 11. Bb3 h6 12. Qe2 Re8 13. Nh2 Nf8 14. Qf3 Ng6 15.
Qg3 Kf8 16. Rad1 b5 17. axb5 axb5 18. f3 Nh5 19. Qf2 Bh4 20. Qe2 Bxe1 21. Qxe1
Nhf4 22. d5 b4 23. Ne2 c5 24. c3 Nxe2+ 25. Qxe2 Ba6 26. Bc4 Bxc4 27. Qxc4 bxc3
28. Qxc3 Reb8 29. Rb1 Rb4 30. Qc2 Rab8 31. Bd2 Rb3 32. Bc3 Qb6 33. Nf1 c4+ 34.
Kh2 Nf4 35. Nd2 Qf2 36. Rg1 Ne2 37. Rf1 Qg3+ 38. Kh1 R3b5 39. Nxc4 Nxc3 40.
Qxc3 Ke7 41. Ra1 Qf2 42. Nxe5 dxe5 43. Qxe5+ Kf8 44. Qd6+ Kg8 45. e5 Rxb2 46.
Rg1 R8b3 47. e6 Rxf3 48. exf7+ Rxf7 49. Qe6 Kh7 50. d6 Rd2 51. Qe4+ Qf5 52. Qb4
Qd5 0-1

[Event "Madrid-ch 2017-2018 - Previa A"]
[Site "Madrid ESP"]
[Date "2018.02.20"]
[Round "8.25"]
[White "Moreno Uribarri, Miguel"]
[Black "Ojosnegros Martin, Angel"]
[Result "1-0"]
[WhiteElo "1626"]
[BlackElo "1490"]
[PlyCount "47"]
[EventDate "2018.02.05"]
[EventType "swiss"]
[EventRounds "9"]
[EventCountry "ESP"]
[SourceTitle "Ajedrez en Madrid"]
[Source "lmi"]
[SourceDate "2018.02.05"]

1. e4 e5 2. Nf3 Nc6 3. Bc4 Bc5 4. b4 Bxb4 5. c3 Bc5 6. d4 Bb6 7. O-O d6 8. dxe5
dxe5 9. Bxf7+ Kxf7 10. Nxe5+ Ke6 11. Qg4+ Kxe5 12. Qxg7+ Nf6 13. Kh1 Ke6 14. f4
Nxe4 15. f5+ Kd6 16. Ba3+ Kd5 17. c4+ Kxc4 18. Rc1+ Kd5 19. Rd1+ Bd4 20. Nc3+
Nxc3 21. Qf7+ Ke4 22. Re1+ Kd3 23. Qb3 Na5 24. Rad1# 1-0

[Event "Madrid-ch 2017-2018 - Previa A"]
[Site "Madrid ESP"]
[Date "2018.02.20"]
[Round "8.26"]
[White "Martinez Martinez, Javier II"]
[Black "Martin Garcia, Francisco Javier"]
[Result "1-0"]
[WhiteElo "1601"]
[BlackElo "1461"]
[PlyCount "105"]
[EventDate "2018.02.05"]
[EventType "swiss"]
[EventRounds "9"]
[EventCountry "ESP"]
[SourceTitle "Ajedrez en Madrid"]
[Source "lmi"]
[SourceDate "2018.02.05"]

1. d4 Nf6 2. Bg5 Ne4 3. Bh4 c5 4. f3 g5 5. fxe4 gxh4 6. e3 Bh6 7. Bc4 O-O 8.
Qh5 Bxe3 9. Nf3 Nc6 10. Ng5 Bxg5 11. Qxg5+ Kh8 12. Qxc5 d6 13. Qh5 f5 14. Nc3
Nxd4 15. O-O-O Nc6 16. Qxh4 Ne5 17. Bb3 Ng6 18. Qg5 fxe4 19. Rhf1 Bd7 20. h4
Rc8 21. h5 Rc5 22. Qh6 Rxf1 23. Rxf1 Rf5 24. Rxf5 Bxf5 25. hxg6 Bxg6 26. Bd5 e5
27. Nxe4 Bxe4 28. Bxe4 Qe7 29. Bxb7 Kg8 30. Bd5+ Kh8 31. g4 Qg7 32. Qxg7+ Kxg7
33. Kd2 Kg6 34. Ke3 h6 35. b4 Kg5 36. Kf3 h5 37. gxh5 Kxh5 38. c4 Kg5 39. Ke4
Kf6 40. a4 Ke7 41. a5 Kd7 42. Kf5 Ke7 43. Kg6 Ke8 44. Kf6 Kd7 45. Kf7 Kc7 46.
Ke7 a6 47. b5 axb5 48. cxb5 Kb8 49. Kxd6 Ka7 50. b6+ Kb8 51. b7 e4 52. Bxe4 Ka7
53. Kc7 1-0

[Event "Madrid-ch 2017-2018 - Previa A"]
[Site "Madrid ESP"]
[Date "2018.02.20"]
[Round "8.27"]
[White "Rufo Yebra, Benito"]
[Black "Ramos Antona, Enrique"]
[Result "1-0"]
[WhiteElo "1409"]
[BlackElo "1587"]
[PlyCount "75"]
[EventDate "2018.02.05"]
[EventType "swiss"]
[EventRounds "9"]
[EventCountry "ESP"]
[SourceTitle "Ajedrez en Madrid"]
[Source "lmi"]
[SourceDate "2018.02.05"]

1. d4 d5 2. e3 Nf6 3. Nc3 e6 4. Nf3 Nbd7 5. Bd2 a6 6. Bd3 c5 7. dxc5 Nxc5 8.
O-O Nxd3 9. cxd3 Bd6 10. Ne2 Qe7 11. Ng3 Bd7 12. Bc3 e5 13. Re1 O-O 14. a3 Rfe8
15. e4 d4 16. Bd2 Qf8 17. Bg5 Qe7 18. Nf5 Bxf5 19. exf5 h6 20. Bh4 g5 21. fxg6
fxg6 22. Nxd4 g5 23. Bg3 Qc7 24. Nf5 Qd7 25. Qb3+ Kh7 26. Nxd6 Qxd6 27. Qf7+
Kh8 28. Qg6 Re6 29. Qxh6+ Nh7 30. Qh3 Rae8 31. Qf5 Qd4 32. b4 b5 33. Rac1 e4
34. Rc7 R8e7 35. Rc8+ Kg7 36. h3 Qxd3 37. Rc7 Qd8 38. Qxe6 1-0

[Event "Madrid-ch 2017-2018 - Previa A"]
[Site "Madrid ESP"]
[Date "2018.02.20"]
[Round "8.28"]
[White "Gonzalez Pinar, Adrian"]
[Black "Alises Fontecha, Juan"]
[Result "0-1"]
[WhiteElo "1487"]
[BlackElo "1515"]
[PlyCount "88"]
[EventDate "2018.02.05"]
[EventType "swiss"]
[EventRounds "9"]
[EventCountry "ESP"]
[SourceTitle "Ajedrez en Madrid"]
[Source "lmi"]
[SourceDate "2018.02.05"]

1. c4 c5 2. Nc3 Nc6 3. Nf3 g6 4. g3 Bg7 5. Bg2 e6 6. e4 Nge7 7. d3 O-O 8. O-O
d6 9. Bd2 a6 10. a3 Bd7 11. Rb1 Qc7 12. b4 e5 13. bxc5 dxc5 14. Nd5 Nxd5 15.
cxd5 Nd4 16. Qc1 Ne2+ 17. Kh1 Nxc1 18. Rfxc1 b5 19. Rc2 Rfc8 20. Rbc1 Qb6 21.
Be3 Bg4 22. Bxc5 Qf6 23. Ne1 Bh6 24. Rb1 Bf8 25. Bxf8 Rxc2 26. Nxc2 Qxf2 27.
Nb4 Bf3 28. Bxf3 Qxf3+ 29. Kg1 Qe3+ 30. Kf1 Rxf8 31. Re1 Qd4 32. Kg2 Qb2+ 33.
Kf3 Qxa3 34. Nc6 Qxd3+ 35. Kf2 f5 36. Kg2 Qd2+ 37. Kh3 Qxe1 38. Ne7+ Kf7 39. d6
Qf1+ 40. Kh4 Qg2 41. h3 Qxe4+ 42. Kg5 h6+ 43. Kxh6 Rh8+ 44. Kg5 Rh5# 0-1

[Event "Madrid-ch 2017-2018 - Previa A"]
[Site "Madrid ESP"]
[Date "2018.02.20"]
[Round "8.29"]
[White "Gonzalez Recas, Fernando"]
[Black "Perez Ramos, Miguel Angel"]
[Result "1-0"]
[WhiteElo "1643"]
[BlackElo "1164"]
[PlyCount "97"]
[EventDate "2018.02.05"]
[EventType "swiss"]
[EventRounds "9"]
[EventCountry "ESP"]
[SourceTitle "Ajedrez en Madrid"]
[Source "lmi"]
[SourceDate "2018.02.05"]

1. e4 e5 2. Nf3 Nc6 3. Bb5 f6 4. c3 d6 5. h3 d5 6. Qe2 Bc5 7. d3 d4 8. cxd4
Bxd4 9. Nxd4 Qxd4 10. Be3 Qb4+ 11. Nc3 Bd7 12. a3 Qd6 13. Bc4 O-O-O 14. b4 Nd4
15. Qd1 Be6 16. O-O Bxc4 17. dxc4 Qe6 18. Nd5 c6 19. Bxd4 exd4 20. Qxd4 cxd5
21. cxd5 Qb6 22. Rac1+ Kb8 23. Rc5 Ne7 24. Qd3 a6 25. Rfc1 Nc6 26. Qg3+ Ne5 27.
Rc7 Qxc7 28. Rxc7 Kxc7 29. Qxg7+ Kb8 30. Qxf6 Nc4 31. a4 Rhf8 32. Qd4 Nd6 33.
g3 Ka8 34. Kg2 Rc8 35. h4 Rfe8 36. f3 Rc2+ 37. Kh3 Rc4 38. Qb6 Nc8 39. Qh6 Rxb4
40. Qxh7 Nd6 41. Qd7 Rc8 42. Qxd6 Rxa4 43. e5 Rac4 44. e6 Rc3 45. e7 Re8 46.
Qd8+ Rc8 47. Qxc8+ Rxc8 48. d6 Re8 49. d7 1-0

[Event "Madrid-ch 2017-2018 - Previa A"]
[Site "Madrid ESP"]
[Date "2018.02.20"]
[Round "8.30"]
[White "Beekhof Harmsen, Willen"]
[Black "Fernandez Sanchez, Jose M"]
[Result "1-0"]
[WhiteElo "1514"]
[BlackElo "1144"]
[PlyCount "69"]
[EventDate "2018.02.05"]
[EventType "swiss"]
[EventRounds "9"]
[EventCountry "ESP"]
[SourceTitle "Ajedrez en Madrid"]
[Source "lmi"]
[SourceDate "2018.02.05"]

1. d4 Nf6 2. Nf3 d5 3. Bf4 e6 4. e3 Bd6 5. Ne5 O-O 6. c4 c5 7. Nc3 Qa5 8. Bd3
cxd4 9. exd4 Nc6 10. Nxc6 Qc7 11. Ne5 b6 12. Nb5 Bb4+ 13. Kf1 Qb7 14. a3 Be7
15. b4 Bd7 16. Nxd7 Qxd7 17. c5 Rfc8 18. Nd6 Rc6 19. Bb5 Bxd6 20. Bxd6 Ne4 21.
Bg3 Nc3 22. Bxc6 Qxc6 23. Qd3 Ne4 24. b5 Qe8 25. f3 Nf6 26. c6 Rc8 27. Kf2 a5
28. a4 Qe7 29. Be5 Nh5 30. g4 Nf6 31. h4 Qb4 32. h5 Qb2+ 33. Kg3 Qb4 34. h6 g6
35. Bxf6 1-0